000 00304nam a2200133Ia 4500
005 20260328101526.0
008 260328s9999||||xx |||||||||||||| ||und||
100 _aFischer, Joachim
245 0 _aConcrete /
_cJoachim Fischer
260 _bFullmann
300 _a287 p.
650 _aCONCRETO
942 _cBK
999 _c9793
_d9793